000 00585nam a2200217Ia 4500
003 OSt
005 20220926044752.0
006 a|||||r|||| 00| 0
007 ta
008 220923b |||||||| |||| 00| 0 eng d
037 _cGeneral Book
040 _aRTL
_cRTL
_beng
041 _2eng
_aeng
082 _aV436:2.N5, K5
100 _aMintz Jeanne S
245 0 _aMohammed, Marx and Marhaen
_b The roots of Indonesia
260 _c1965
650 _aIndonesia History
_9198395
942 _hV436:2.N5, K5
_cGB
_2CC
999 _c675768
_d675768